000 00584nam a2200241Ia 4500
003 OSt
005 20221005124537.0
006 a|||||r|||| 00| 0
007 ta
008 221004b |||||||| |||| 00| 0 tam d
024 _a49986
037 _cTextual
040 _aCRL
_cCRL
_btam
041 _2tam
_atam
082 _aO31,3N283x, J6
100 _aGanesalingan
_9635409
245 0 _aNallavan
260 _c1956
300 _a108p.
_ccm.
650 _aTAMIL LANGUAGE
942 _hO31,3N283x, J6
_cTEXL
_2cc
999 _c1050815
_d1050815